De Kennedy, Fontibón, Teusaquillo, Chapinero a Suba : cuentos bogotanos /

Detalles Bibliográficos
Autor principal: Acosta, Felipe (Autor)
Formato: Electrónico eBook
Lenguaje:español
Publicado: Bogotá : Editorial UTADEO, [2025]
Colección:Premios ciudad de Bogotá. Cuentos.
Materias:
Acceso en línea:Digitalia Hispánica

MARC

LEADER 00000nam a2200000Ii 4500
001 DIGEJTLOZ244
003 NyNyDIG
006 m o d
007 cr |||||||||||
008 260205s2025 ck o 000 j spa d
035 |a (OCoLC)1573973079 
040 |a DGITA  |b eng  |e rda  |e pn  |c DGITA 
020 |a 9789587253870  |q digital 
020 |z 9789587253863  |q impreso 
024 7 |a https://doi.org/10.21789/9789587253863  |2 doi 
043 |a s-ck--- 
050 1 4 |a PQ8176 ebook 
245 1 0 |a De Kennedy, Fontibón, Teusaquillo, Chapinero a Suba :  |b cuentos bogotanos /  |c Felipe Acosta [and 5 others]. 
246 3 |a De Kennedy a Suba 
246 3 0 |a Cuentos bogotanos 
264 1 |a Bogotá :  |b Editorial UTADEO,  |c [2025] 
300 |a 1 online resource. 
336 |a text  |b txt  |2 rdacontent 
337 |a computer  |b c  |2 rdamedia 
338 |a online resource  |b cr  |2 rdacarrier 
347 |a text file  |2 rdaft 
347 |b PDF 
490 1 |a Premios ciudad de Bogotá. Cuentos 
586 |a Premio de Cuento Ciudad de Bogotá 2024. 
588 0 |a Online resource; title from PDF title page (Digitalia, viewed February 5, 2026) 
650 0 |a Short stories, Colombian. 
655 7 |a Short stories.  |2 lcgft 
700 1 |a Acosta, Felipe,  |e author. 
791 2 |a Digitalia (Firm),  |e distributor. 
793 0 |g Digitalia eBook Collection:  |a Editorial Jorge Tadeo Lozano 
776 0 8 |i Print version:  |t De Kennedy a Suba.  |d Bogotá : Editorial UTADEO, [2025]  |z 9789587253863 
830 0 |a Premios ciudad de Bogotá.  |p Cuentos. 
856 4 0 |3 Digitalia Hispánica  |u https://www.digitaliapublishing.com/a/183471/ 
910 |a Premium collection: 2026